[Event "42. Open Villa de Benasque 2023"]
[Site "Benasque ESP"]
[Date "2023.07.10"]
[Round "7.1"]
[White "Martirosyan, Haik M."]
[Black "Vrolijk, Liam"]
[Result "1/2-1/2"]
[WhiteElo "2685"]
[BlackElo "2517"]
[PlyCount "90"]
[EventDate "2023.07.05"]
[EventType "swiss"]
[EventRounds "10"]
[EventCountry "ESP"]
[SourceTitle "AjedrezenMadrid"]
[Source "lmi"]
[SourceDate "2023.07.05"]
[SourceVersion "1"]
[SourceVersionDate "2023.07.10"]
[SourceQuality "1"]

1. e4 e5 2. Nf3 Nc6 3. Bc4 Nf6 4. d3 Bc5 5. Bg5 h6 6. Bh4 a6 7. a4 d6 8. c3 Ba7
9. Nbd2 g5 10. Bg3 O-O 11. O-O Nh7 12. b4 Ne7 13. d4 g4 14. Nh4 exd4 15. Qc2
dxc3 16. Qxc3 Nc6 17. Ng6 Bd4 18. Qb3 Bxa1 19. Nxf8 Nxf8 20. Rxa1 Qf6 21. Re1
Be6 22. Bxe6 Nxe6 23. Nc4 h5 24. e5 dxe5 25. b5 axb5 26. axb5 Ncd4 27. Qd1 Nf4
28. h4 Rd8 29. Qb1 Nfe2+ 30. Kh2 Nxg3 31. fxg3 Qf2 32. Nxe5 Nf5 33. Qb3 Rd5 34.
Re4 Qc5 35. Nc4 Qxb5 36. Qc3 Qc6 37. Qe1 Ng7 38. Ne5 Qc5 39. Qa1 Ne6 40. Ng6
Rd4 41. Qa8+ Kg7 42. Re5 Qc1 43. Qh8+ Kxg6 44. Rxe6+ fxe6 45. Qf6+ Kxf6 1/2-1/2

[Event "42. Open Villa de Benasque 2023"]
[Site "Benasque ESP"]
[Date "2023.07.10"]
[Round "7.2"]
[White "Dardha, Daniel"]
[Black "Bu, Xiangzhi"]
[Result "1/2-1/2"]
[WhiteElo "2600"]
[BlackElo "2676"]
[PlyCount "103"]
[EventDate "2023.07.05"]
[EventType "swiss"]
[EventRounds "10"]
[EventCountry "ESP"]
[SourceTitle "AjedrezenMadrid"]
[Source "lmi"]
[SourceDate "2023.07.05"]
[SourceVersion "1"]
[SourceVersionDate "2023.07.10"]
[SourceQuality "1"]

1. e4 e5 2. Nf3 Nf6 3. Nxe5 d6 4. Nf3 Nxe4 5. d4 d5 6. Bd3 Be7 7. O-O Nc6 8.
Nbd2 Bf5 9. Re1 Nxd2 10. Qxd2 Bxd3 11. Qxd3 O-O 12. Qf5 g6 13. Qg4 Bd6 14. Bf4
Bxf4 15. Qxf4 Qd6 16. Qxd6 cxd6 17. a4 Rfe8 18. c3 Na5 19. Kf1 f6 20. Rxe8+
Rxe8 21. Re1 Re4 22. Rd1 Nc4 23. b3 Na5 24. Nd2 Re7 25. Re1 Kf7 26. Rxe7+ Kxe7
27. Ke2 h5 28. Kd3 Ke6 29. h3 Kf5 30. b4 Nc6 31. Nf1 Ke6 32. Ne3 Ne7 33. b5 Kd7
34. g3 Ke6 35. a5 a6 36. c4 dxc4+ 37. Kxc4 axb5+ 38. Kxb5 Kd7 39. Kb6 Kc8 40.
f4 Kb8 41. d5 Nc8+ 42. Kb5 Ne7 43. Kb6 Nc8+ 44. Kb5 Ne7 45. g4 hxg4 46. hxg4 f5
47. gxf5 gxf5 48. Nc4 Nxd5 49. Nxd6 Nxf4 50. a6 bxa6+ 51. Kxa6 Kc7 52. Nxf5
1/2-1/2

[Event "42. Open Villa de Benasque 2023"]
[Site "Benasque ESP"]
[Date "2023.07.10"]
[Round "7.3"]
[White "Peralta, Fernando"]
[Black "Sadhwani, Raunak"]
[Result "1/2-1/2"]
[WhiteElo "2568"]
[BlackElo "2608"]
[PlyCount "44"]
[EventDate "2023.07.05"]
[EventType "swiss"]
[EventRounds "10"]
[EventCountry "ESP"]
[SourceTitle "AjedrezenMadrid"]
[Source "lmi"]
[SourceDate "2023.07.05"]
[SourceVersion "1"]
[SourceVersionDate "2023.07.10"]
[SourceQuality "1"]

1. d4 Nf6 2. c4 e6 3. Nf3 b6 4. a3 Bb7 5. Nc3 Be7 6. d5 O-O 7. e4 d6 8. Bd3 c6
9. O-O cxd5 10. cxd5 exd5 11. exd5 Nbd7 12. Re1 Re8 13. Nd4 Rc8 14. Bf4 Rc5 15.
Nb3 Rc8 16. Nd4 Rc5 17. Nc6 Bxc6 18. dxc6 Rxc6 19. Bb5 Rc5 20. Bxd6 Bxd6 21.
Qxd6 Rxe1+ 22. Rxe1 Qc7 1/2-1/2

[Event "42. Open Villa de Benasque 2023"]
[Site "Benasque ESP"]
[Date "2023.07.10"]
[Round "7.4"]
[White "Hovhannisyan, Robert"]
[Black "Budisavljevic, Luka"]
[Result "1-0"]
[WhiteElo "2607"]
[BlackElo "2488"]
[PlyCount "115"]
[EventDate "2023.07.05"]
[EventType "swiss"]
[EventRounds "10"]
[EventCountry "ESP"]
[SourceTitle "AjedrezenMadrid"]
[Source "lmi"]
[SourceDate "2023.07.05"]
[SourceVersion "1"]
[SourceVersionDate "2023.07.10"]
[SourceQuality "1"]

1. e4 e6 2. d4 d5 3. Nc3 Nf6 4. Bg5 dxe4 5. Nxe4 Be7 6. Nxf6+ Bxf6 7. Bxf6 Qxf6
8. c3 O-O 9. Qf3 Qxf3 10. Nxf3 b6 11. Ne5 Bb7 12. h4 Rd8 13. Rh3 Nd7 14. Re3 c5
15. Nxd7 cxd4 16. Nxb6 axb6 17. Rd3 dxc3 18. Rxc3 Ra4 19. g3 h6 20. a3 g5 21.
hxg5 hxg5 22. Rd1 Re4+ 23. Be2 Rxd1+ 24. Kxd1 Rd4+ 25. Kc2 Be4+ 26. Bd3 Kg7 27.
b4 e5 28. Bxe4 Rxe4 29. Re3 Rc4+ 30. Kb3 Rd4 31. Rxe5 Kf6 32. Re3 Kf5 33. f3 g4
34. f4 Rd1 35. a4 f6 36. Kc4 Rc1+ 37. Rc3 Ra1 38. Kb5 Ke4 39. Rb3 Rf1 40. a5
Rf3 41. axb6 Rxb3 42. b7 Rxg3 43. b8=Q Rf3 44. Kc4 g3 45. Qg8 Ke3 46. b5 Kf2
47. b6 g2 48. b7 Rxf4+ 49. Kc3 Rf3+ 50. Kd2 g1=Q 51. Qxg1+ Kxg1 52. b8=Q Kg2
53. Qg8+ Kf1 54. Qg4 Kf2 55. Qh4+ Kf1 56. Qh1+ Kf2 57. Qh2+ Kf1 58. Qe2+ 1-0

[Event "42. Open Villa de Benasque 2023"]
[Site "Benasque ESP"]
[Date "2023.07.10"]
[Round "7.5"]
[White "Alekseenko, Kirill"]
[Black "Xiao, Tong(Qd)"]
[Result "1/2-1/2"]
[WhiteElo "2674"]
[BlackElo "2316"]
[PlyCount "168"]
[EventDate "2023.07.05"]
[EventType "swiss"]
[EventRounds "10"]
[EventCountry "ESP"]
[SourceTitle "AjedrezenMadrid"]
[Source "lmi"]
[SourceDate "2023.07.05"]
[SourceVersion "1"]
[SourceVersionDate "2023.07.10"]
[SourceQuality "1"]

1. e4 c5 2. Nf3 d6 3. d4 cxd4 4. Nxd4 Nf6 5. Nc3 a6 6. Bd3 Nc6 7. Nxc6 bxc6 8.
O-O e5 9. f4 Be7 10. Kh1 O-O 11. fxe5 dxe5 12. Be3 Be6 13. Na4 Qa5 14. b3 c5
15. Qe2 Rfd8 16. Nb2 Qc7 17. Nc4 a5 18. a4 Nd7 19. Bd2 Nb8 20. Ne3 Nc6 21. Nd5
Qb7 22. Bc4 Nb4 23. Bxb4 cxb4 24. Qh5 Bc5 25. Qxe5 Rac8 26. Rf3 Qb8 27. Qh5 Kh8
28. Raf1 Re8 29. Bb5 Rf8 30. Nf4 Bd4 31. e5 g6 32. Qh6 Bf5 33. Bd7 Qxe5 34.
Bxc8 Rxc8 35. Nd3 Qe6 36. Re1 Qd7 37. Qf4 Bc3 38. Ref1 Re8 39. Re3 Rxe3 40.
Qxe3 Kg7 41. h3 h5 42. Ne5 Qd5 43. Rxf5 gxf5 44. Qg5+ Kf8 45. Nd3 Bd4 46. Qxh5
Qe4 47. Qg5 f6 48. Qf4 Kg7 49. Qg3+ Kf7 50. Qc7+ Kg6 51. Qg3+ Kf7 52. h4 Be5
53. Nxe5+ fxe5 54. Kh2 Qe2 55. Qd3 Qg4 56. Qd5+ Kf6 57. Qd6+ Kf7 58. Qd7+ Kf6
59. Qd6+ Kf7 60. Qxe5 Qxh4+ 61. Kg1 f4 62. Qd5+ Kg7 63. Kf1 Qh1+ 64. Ke2 Qg1
65. Kd3 Qd1+ 66. Kc4 Qxc2+ 67. Kb5 Qc7 68. Ka6 Kf6 69. Qxa5 Qc8+ 70. Ka7 Qd7+
71. Kb8 Qe8+ 72. Kc7 Qe7+ 73. Kc6 Qe6+ 74. Kc5 Qe7+ 75. Kc6 Qe6+ 76. Kb7 Qxb3
77. Qd8+ Kf5 78. a5 Qf7+ 79. Kb8 Qc4 80. Qd7+ Kg5 81. Qe7+ Kf5 82. Qh7+ Kg5 83.
Qg7+ Kf5 84. Qd7+ Kg5 1/2-1/2

[Event "42. Open Villa de Benasque 2023"]
[Site "Benasque ESP"]
[Date "2023.07.10"]
[Round "7.6"]
[White "Rathanvel, V S."]
[Black "Puranik, Abhimanyu"]
[Result "1/2-1/2"]
[WhiteElo "2463"]
[BlackElo "2605"]
[PlyCount "45"]
[EventDate "2023.07.05"]
[EventType "swiss"]
[EventRounds "10"]
[EventCountry "ESP"]
[SourceTitle "AjedrezenMadrid"]
[Source "lmi"]
[SourceDate "2023.07.05"]
[SourceVersion "1"]
[SourceVersionDate "2023.07.10"]
[SourceQuality "1"]

1. e4 c5 2. Nf3 d6 3. d4 cxd4 4. Nxd4 Nf6 5. Nc3 Nc6 6. Bg5 Bd7 7. Qd2 a6 8. f3
e6 9. O-O-O Nxd4 10. Qxd4 Be7 11. Kb1 Qc7 12. Qd2 b5 13. Ne2 h6 14. Be3 e5 15.
g4 Rc8 16. h4 Be6 17. Bh3 Qd7 18. Bg2 b4 19. Ng3 Qa4 20. b3 Qc6 21. g5 Nd7 22.
f4 Bg4 23. Rdf1 1/2-1/2

[Event "42. Open Villa de Benasque 2023"]
[Site "Benasque ESP"]
[Date "2023.07.10"]
[Round "7.7"]
[White "Forcen Esteban, Daniel"]
[Black "García Ramos, Daniel"]
[Result "1/2-1/2"]
[WhiteElo "2576"]
[BlackElo "2462"]
[PlyCount "151"]
[EventDate "2023.07.05"]
[EventType "swiss"]
[EventRounds "10"]
[EventCountry "ESP"]
[SourceTitle "AjedrezenMadrid"]
[Source "lmi"]
[SourceDate "2023.07.05"]
[SourceVersion "1"]
[SourceVersionDate "2023.07.10"]
[SourceQuality "1"]

1. e4 c6 2. d4 d5 3. e5 Bf5 4. Nd2 e6 5. Nb3 Nd7 6. Nf3 a6 7. Be2 h6 8. O-O c5
9. c4 dxc4 10. Bxc4 b5 11. Be2 c4 12. Nbd2 Nb6 13. a4 Ne7 14. Nh4 Bh7 15. axb5
axb5 16. Rxa8 Qxa8 17. Bf3 Ned5 18. Be4 g5 19. Bxh7 Rxh7 20. Nhf3 Be7 21. Ne4
g4 22. Ne1 h5 23. f3 Rg7 24. Ng3 Rg8 25. Nxh5 Qa4 26. Qe2 c3 27. bxc3 Nxc3 28.
Qf2 g3 29. hxg3 Qd1 30. Be3 Ne2+ 31. Kh2 Nd5 32. g4 b4 33. g3 b3 34. Ng2 Qc2
35. Re1 Ndc3 36. Ngf4 Nxd4 37. Bxd4 Qxf2+ 38. Bxf2 b2 39. Nd3 b1=Q 40. Rxb1
Nxb1 41. Kh3 Nd2 42. f4 Ne4 43. Bd4 Kd7 44. Nf6+ Bxf6 45. exf6 Kd6 46. Ne5 Kd5
47. Bg1 Nxf6 48. g5 Rh8+ 49. Kg2 Ne4 50. Nxf7 Rf8 51. Nh6 e5 52. Be3 exf4 53.
gxf4 Nd6 54. Kf3 Nf5 55. Nxf5 Rxf5 56. Kg4 Ke6 57. Bd4 Rd5 58. Bh8 Rb5 59. g6
Rb4 60. Ba1 Ra4 61. Be5 Ra2 62. g7 Rg2+ 63. Kf3 Rg1 64. Bd4 Rg6 65. Ke4 Kf7 66.
Kf5 Ra6 67. Be5 Rc6 68. Bd4 Ra6 69. Kg5 Rg6+ 70. Kh5 Rg2 71. Be5 Rg1 72. Kh6
Rg6+ 73. Kh7 Rg4 74. Kh6 Rg6+ 75. Kh7 Rg4 76. Kh6 1/2-1/2

[Event "42. Open Villa de Benasque 2023"]
[Site "Benasque ESP"]
[Date "2023.07.10"]
[Round "7.8"]
[White "Cheng, Bobby"]
[Black "Sokolovsky, Yahli"]
[Result "0-1"]
[WhiteElo "2572"]
[BlackElo "2461"]
[PlyCount "42"]
[EventDate "2023.07.05"]
[EventType "swiss"]
[EventRounds "10"]
[EventCountry "ESP"]
[SourceTitle "AjedrezenMadrid"]
[Source "lmi"]
[SourceDate "2023.07.05"]
[SourceVersion "1"]
[SourceVersionDate "2023.07.10"]
[SourceQuality "1"]

1. d4 d5 2. c4 e6 3. Nf3 Nf6 4. g3 Bb4+ 5. Bd2 a5 6. Bg2 O-O 7. Qc1 c5 8. dxc5
d4 9. Bxb4 axb4 10. Qf4 d3 11. O-O dxe2 12. Re1 Nc6 13. Qd6 e5 14. Nbd2 e4 15.
Ng5 Nd4 16. Rab1 Bf5 17. Qf4 Nh5 18. Qh4 h6 19. Qxh5 hxg5 20. Nxe4 Qe7 21. f3
g4 0-1

[Event "42. Open Villa de Benasque 2023"]
[Site "Benasque ESP"]
[Date "2023.07.10"]
[Round "7.9"]
[White "Larkin, Vladyslav"]
[Black "Liu, Yan"]
[Result "0-1"]
[WhiteElo "2461"]
[BlackElo "2542"]
[PlyCount "84"]
[EventDate "2023.07.05"]
[EventType "swiss"]
[EventRounds "10"]
[EventCountry "ESP"]
[SourceTitle "AjedrezenMadrid"]
[Source "lmi"]
[SourceDate "2023.07.05"]
[SourceVersion "1"]
[SourceVersionDate "2023.07.10"]
[SourceQuality "1"]

1. d4 Nf6 2. Nf3 b6 3. e3 Bb7 4. Bd3 g6 5. Nbd2 c5 6. Qe2 Bg7 7. dxc5 bxc5 8.
e4 O-O 9. c3 Nc6 10. O-O d6 11. Nc4 Nd7 12. Bf4 Na5 13. Ne3 Nf6 14. Nd2 Nh5 15.
Bg3 Nxg3 16. hxg3 e6 17. Rfd1 Rb8 18. Rab1 Ba8 19. Nf3 Nc6 20. Bc2 Qe7 21. Qa6
Rfd8 22. Ba4 Ne5 23. Nxe5 Bxe5 24. Bc2 Bg7 25. Re1 Qc7 26. Qe2 d5 27. exd5 exd5
28. c4 d4 29. Nd5 Bxd5 30. cxd5 c4 31. Be4 d3 32. Qd2 Bxb2 33. d6 Rxd6 34. Rxb2
Rxb2 35. Qxb2 c3 36. Qa1 d2 37. Rb1 Re6 38. Bc2 Qe5 39. a4 g5 40. Bf5 Qxf5 41.
Rb8+ Kg7 42. Qxc3+ Qe5 0-1

[Event "42. Open Villa de Benasque 2023"]
[Site "Benasque ESP"]
[Date "2023.07.10"]
[Round "7.10"]
[White "Almeida Quintana, Omar"]
[Black "Huang, Qian"]
[Result "1/2-1/2"]
[WhiteElo "2508"]
[BlackElo "2422"]
[PlyCount "39"]
[EventDate "2023.07.05"]
[EventType "swiss"]
[EventRounds "10"]
[EventCountry "ESP"]
[SourceTitle "AjedrezenMadrid"]
[Source "lmi"]
[SourceDate "2023.07.05"]
[SourceVersion "1"]
[SourceVersionDate "2023.07.10"]
[SourceQuality "1"]

1. d4 d5 2. Nf3 Nf6 3. c4 c6 4. Nc3 dxc4 5. a4 Bf5 6. Nh4 e6 7. Nxf5 exf5 8. e3
Bb4 9. Bxc4 O-O 10. O-O Nbd7 11. h3 Rc8 12. Qf3 g6 13. Rd1 Qe7 14. a5 Ne4 15.
Bd2 Nxd2 16. Rxd2 Nf6 17. Rc2 c5 18. Ne2 cxd4 19. Nxd4 a6 20. Qe2 1/2-1/2

[Event "42. Open Villa de Benasque 2023"]
[Site "Benasque ESP"]
[Date "2023.07.12"]
[Round "8.1"]
[White "Bu, Xiangzhi"]
[Black "Hovhannisyan, Robert"]
[Result "1-0"]
[WhiteElo "2676"]
[BlackElo "2607"]
[PlyCount "77"]
[EventDate "2023.07.05"]
[EventType "swiss"]
[EventRounds "10"]
[EventCountry "ESP"]
[SourceTitle "AjedrezenMadrid"]
[Source "lmi"]
[SourceDate "2023.07.05"]
[SourceVersion "1"]
[SourceVersionDate "2023.07.12"]
[SourceQuality "1"]

1. Nf3 d5 2. d4 Nf6 3. c4 e6 4. Bg5 h6 5. Bxf6 Qxf6 6. Nbd2 g6 7. Qc2 Qe7 8. g3
Bg7 9. Bg2 O-O 10. Rc1 c5 11. cxd5 cxd4 12. Qxc8 Rxc8 13. Rxc8+ Kh7 14. h4 Bf6
15. Ne4 exd5 16. Nxf6+ Qxf6 17. O-O Kg7 18. Rfc1 d3 19. exd3 Qxb2 20. Re1 Qxa2
21. g4 g5 22. hxg5 hxg5 23. Nxg5 Nc6 24. Rxa8 Ne5 25. Nh3 Nxg4 26. Rb8 Qd2 27.
Rf1 Qb2 28. Rd8 Nf6 29. Re1 a5 30. Re3 Ng4 31. Rg3 f5 32. Bf3 Kf6 33. Bxg4 fxg4
34. Rxg4 Qb3 35. Kg2 a4 36. Nf4 a3 37. Nxd5+ Kf7 38. Rf4+ Ke6 39. d4 1-0

[Event "42. Open Villa de Benasque 2023"]
[Site "Benasque ESP"]
[Date "2023.07.12"]
[Round "8.2"]
[White "Prraneeth, Vuppala"]
[Black "Martirosyan, Haik M."]
[Result "1-0"]
[WhiteElo "2486"]
[BlackElo "2685"]
[PlyCount "203"]
[EventDate "2023.07.05"]
[EventType "swiss"]
[EventRounds "10"]
[EventCountry "ESP"]
[SourceTitle "AjedrezenMadrid"]
[Source "lmi"]
[SourceDate "2023.07.05"]
[SourceVersion "1"]
[SourceVersionDate "2023.07.12"]
[SourceQuality "1"]

1. e4 c5 2. Nf3 e6 3. b3 b6 4. d4 cxd4 5. Nxd4 Bb7 6. Nd2 a6 7. Bb2 Qc7 8. Bd3
Nf6 9. Qe2 d6 10. f4 Nbd7 11. O-O e5 12. N4f3 exf4 13. Nd4 g6 14. Rxf4 Bg7 15.
Raf1 O-O 16. Qf2 Rae8 17. g4 Re5 18. N4f3 Ra5 19. Ne1 Re5 20. h3 Bh6 21. Bxe5
dxe5 22. Rf3 b5 23. Ng2 Re8 24. Re1 Re6 25. Nf1 Qc5 26. Qxc5 Nxc5 27. Ng3 Ncd7
28. Ref1 Bc6 29. c4 Ne8 30. cxb5 axb5 31. h4 Nd6 32. g5 Bf8 33. Rc1 Nb7 34. Ne3
Bc5 35. Kh2 Rd6 36. Ng4 Kf8 37. Nh6 Nd8 38. Rcf1 Ke8 39. Ne2 Bb4 40. Ng4 Ne6
41. a4 bxa4 42. bxa4 Bxa4 43. Bc4 Rd2 44. Kh3 Bd1 45. Rxf7 Bxe2 46. Bxe6 Bxf1+
47. Rxf1 Nc5 48. Bf7+ Ke7 49. Nxe5 Bc3 50. Nf3 Rb2 51. Bg8 Kf8 52. Bd5 Ke7 53.
Rc1 Bb4 54. Ne5 Ke8 55. Rf1 Rd2 56. Nc4 Rd4 57. Nd6+ Kd7 58. Nb5 Rd3+ 59. Kg4
Ke8 60. Nc7+ Kd8 61. Nb5 Nd7 62. h5 Bd2 63. hxg6 hxg6 64. Nd6 Ne5+ 65. Kh4 Ke7
66. Nc4 Nf3+ 67. Rxf3 Bxg5+ 68. Kg4 Rxf3 69. Kxf3 Bc1 70. e5 Bh6 71. Ke4 Bg5
72. Ne3 Bh4 73. Ng2 Bf6 74. Nf4 Bxe5 75. Nxg6+ Kf6 76. Nxe5 Ke7 77. Nc4 Kf6 78.
Kf4 Kg6 79. Be6 Kf6 80. Bf5 Ke7 81. Ke5 Kf7 82. Nd6+ Ke7 83. Be6 Kd8 84. Nc8
Ke8 85. Nb6 Kf8 86. Kf6 Ke8 87. Bd5 Kd8 88. Kf7 Kc7 89. Nc4 Kd7 90. Kf8 Kd8 91.
Bc6 Kc7 92. Bb5 Kd8 93. Kf7 Kc8 94. Ke7 Kc7 95. Bd7 Kb8 96. Kd6 Kb7 97. Be6 Ka7
98. Kc7 Ka6 99. Bd7 Ka7 100. Bb5 Ka8 101. Nb6+ Ka7 102. Nc8+ 1-0

[Event "42. Open Villa de Benasque 2023"]
[Site "Benasque ESP"]
[Date "2023.07.12"]
[Round "8.3"]
[White "Sadhwani, Raunak"]
[Black "Vrolijk, Liam"]
[Result "1/2-1/2"]
[WhiteElo "2608"]
[BlackElo "2517"]
[PlyCount "67"]
[EventDate "2023.07.05"]
[EventType "swiss"]
[EventRounds "10"]
[EventCountry "ESP"]
[SourceTitle "AjedrezenMadrid"]
[Source "lmi"]
[SourceDate "2023.07.05"]
[SourceVersion "1"]
[SourceVersionDate "2023.07.12"]
[SourceQuality "1"]

1. d4 Nf6 2. c4 e6 3. Nf3 d5 4. g3 Bb4+ 5. Bd2 a5 6. Bg2 O-O 7. Qc1 Be7 8. O-O
Nbd7 9. Bf4 c6 10. Rd1 h6 11. Qc2 Nh5 12. Bc1 Nhf6 13. Nc3 dxc4 14. Nd2 Nb6 15.
e4 a4 16. Nf1 a3 17. bxa3 Bxa3 18. Bxa3 Rxa3 19. Ne3 Qe7 20. Rab1 e5 21. d5 Qc5
22. Rxb6 Qxb6 23. Nxc4 Rxc3 24. Qxc3 Qc5 25. Rc1 cxd5 26. exd5 e4 27. Ne3 Qxc3
28. Rxc3 Bd7 29. Ra3 Rc8 30. h3 Kf8 31. Ra7 Rc1+ 32. Kh2 Bc8 33. Ra4 Bd7 34.
Ra7 1/2-1/2

[Event "42. Open Villa de Benasque 2023"]
[Site "Benasque ESP"]
[Date "2023.07.12"]
[Round "8.4"]
[White "Wang, Chen"]
[Black "Dardha, Daniel"]
[Result "1-0"]
[WhiteElo "2477"]
[BlackElo "2600"]
[PlyCount "83"]
[EventDate "2023.07.05"]
[EventType "swiss"]
[EventRounds "10"]
[EventCountry "ESP"]
[SourceTitle "AjedrezenMadrid"]
[Source "lmi"]
[SourceDate "2023.07.05"]
[SourceVersion "1"]
[SourceVersionDate "2023.07.12"]
[SourceQuality "1"]

1. e4 c5 2. Nf3 Nc6 3. Bb5 e6 4. O-O Nge7 5. c3 a6 6. Ba4 b5 7. Bc2 Bb7 8. Re1
Rc8 9. a4 Ng6 10. Na3 Qb6 11. Qe2 Nf4 12. Qf1 c4 13. axb5 axb5 14. d4 cxd3 15.
Bxf4 dxc2 16. Qxb5 Qxb5 17. Nxb5 f6 18. Bd6 Be7 19. Rec1 Nd8 20. Nd2 Nf7 21.
Bxe7 Kxe7 22. Ra7 Rb8 23. Nd4 Nd6 24. f3 Rhc8 25. Nxc2 Ba8 26. Rb1 g5 27. Nb4
g4 28. Kf2 gxf3 29. gxf3 f5 30. exf5 Nxf5 31. Rd1 Bd5 32. Ne4 Rc4 33. Nxd5+
exd5 34. Rxd5 Rxb2+ 35. Ke1 Nh4 36. Rdxd7+ Ke6 37. Re7+ Kd5 38. Rad7+ Kc6 39.
Rc7+ Kd5 40. Rcd7+ Kc6 41. Rd6+ Kb5 42. Rb7+ 1-0

[Event "42. Open Villa de Benasque 2023"]
[Site "Benasque ESP"]
[Date "2023.07.12"]
[Round "8.5"]
[White "Xiao, Tong(Qd)"]
[Black "Peralta, Fernando"]
[Result "1/2-1/2"]
[WhiteElo "2316"]
[BlackElo "2568"]
[PlyCount "40"]
[EventDate "2023.07.05"]
[EventType "swiss"]
[EventRounds "10"]
[EventCountry "ESP"]
[SourceTitle "AjedrezenMadrid"]
[Source "lmi"]
[SourceDate "2023.07.05"]
[SourceVersion "1"]
[SourceVersionDate "2023.07.12"]
[SourceQuality "1"]

1. e4 e6 2. d4 d5 3. Nc3 Nf6 4. e5 Nfd7 5. Nce2 c5 6. c3 Nc6 7. Nf3 cxd4 8.
cxd4 f6 9. exf6 Nxf6 10. Nc3 Bd6 11. Bd3 O-O 12. O-O h6 13. Re1 Ng4 14. Be2
Nxh2 15. Nxh2 Bxh2+ 16. Kxh2 Qh4+ 17. Kg1 Qxf2+ 18. Kh2 Qh4+ 19. Kg1 Qf2+ 20.
Kh2 Qh4+ 1/2-1/2

[Event "42. Open Villa de Benasque 2023"]
[Site "Benasque ESP"]
[Date "2023.07.12"]
[Round "8.6"]
[White "Liu, Yan"]
[Black "Antoli Royo, Joaquín Miguel"]
[Result "1-0"]
[WhiteElo "2542"]
[BlackElo "2404"]
[PlyCount "53"]
[EventDate "2023.07.05"]
[EventType "swiss"]
[EventRounds "10"]
[EventCountry "ESP"]
[SourceTitle "AjedrezenMadrid"]
[Source "lmi"]
[SourceDate "2023.07.05"]
[SourceVersion "1"]
[SourceVersionDate "2023.07.12"]
[SourceQuality "1"]

1. c4 c5 2. g3 Nc6 3. Bg2 g6 4. Nf3 Bg7 5. Nc3 e5 6. O-O d6 7. a3 Nge7 8. b4
cxb4 9. axb4 Nxb4 10. Ba3 Na6 11. Ne4 Nc5 12. Nxc5 dxc5 13. Bxc5 O-O 14. Rxa7
Rxa7 15. Bxa7 Qa5 16. Qa1 Qc7 17. Qa3 Nc6 18. Bc5 Re8 19. d3 h6 20. Nd2 Bg4 21.
Re1 Nd4 22. Bxd4 exd4 23. Bf3 Bc8 24. Rb1 h5 25. Ne4 Be5 26. Qc5 Qb8 27. Rb6
1-0

[Event "42. Open Villa de Benasque 2023"]
[Site "Benasque ESP"]
[Date "2023.07.12"]
[Round "8.7"]
[White "Sokolovsky, Yahli"]
[Black "Forcen Esteban, Daniel"]
[Result "1-0"]
[WhiteElo "2461"]
[BlackElo "2576"]
[PlyCount "107"]
[EventDate "2023.07.05"]
[EventType "swiss"]
[EventRounds "10"]
[EventCountry "ESP"]
[SourceTitle "AjedrezenMadrid"]
[Source "lmi"]
[SourceDate "2023.07.05"]
[SourceVersion "1"]
[SourceVersionDate "2023.07.12"]
[SourceQuality "1"]

1. e4 e5 2. Nf3 Nc6 3. Bb5 a6 4. Ba4 Nf6 5. O-O Be7 6. Re1 b5 7. Bb3 d6 8. c3
O-O 9. h3 Nb8 10. d4 Nbd7 11. Nbd2 Bb7 12. Bc2 c5 13. d5 c4 14. Nf1 Qc7 15. g4
a5 16. Ng3 g6 17. Kh2 Rfb8 18. Rg1 Nc5 19. a3 b4 20. axb4 axb4 21. Rxa8 Bxa8
22. Qe2 b3 23. Bb1 Bb7 24. Bh6 Kh8 25. Ng5 Bf8 26. Bxf8 Rxf8 27. h4 Qe7 28. f3
Ba6 29. Nf1 Nfd7 30. Qf2 Nb6 31. Ne3 Bc8 32. Nh3 f6 33. Qd2 Bd7 34. Nf2 Qg7 35.
Nf1 Ra8 36. Ng3 Ra1 37. Rf1 Qf8 38. Bd3 Ra7 39. Be2 f5 40. exf5 gxf5 41. f4 Qf6
42. Kg2 Bc8 43. Nh5 Qf7 44. fxe5 dxe5 45. Qe3 Ncd7 46. Ne4 f4 47. Qf2 Ra2 48.
Ng5 Qg8 49. Nxf4 exf4 50. Qxf4 Qxd5+ 51. Kh3 Rxb2 52. Nf7+ Kg7 53. Qh6+ Kg8 54.
Ng5 1-0

[Event "42. Open Villa de Benasque 2023"]
[Site "Benasque ESP"]
[Date "2023.07.12"]
[Round "8.8"]
[White "Budisavljevic, Luka"]
[Black "Alekseenko, Kirill"]
[Result "0-1"]
[WhiteElo "2488"]
[BlackElo "2674"]
[PlyCount "114"]
[EventDate "2023.07.05"]
[EventType "swiss"]
[EventRounds "10"]
[EventCountry "ESP"]
[SourceTitle "AjedrezenMadrid"]
[Source "lmi"]
[SourceDate "2023.07.05"]
[SourceVersion "1"]
[SourceVersionDate "2023.07.12"]
[SourceQuality "1"]

1. d4 Nf6 2. c4 e6 3. Nc3 Bb4 4. f3 c5 5. d5 b5 6. e4 O-O 7. e5 Ne8 8. f4 exd5
9. cxd5 d6 10. Nf3 c4 11. a4 Bg4 12. Be2 bxa4 13. O-O Nc7 14. Ne4 dxe5 15. d6
Ne6 16. fxe5 Nd7 17. Nfg5 Bxe2 18. Qxe2 Nxe5 19. Nxh7 Kxh7 20. Qh5+ Kg8 21.
Qxe5 Qb6+ 22. Kh1 Qd4 23. Nf6+ gxf6 24. Qg3+ Ng5 25. Bxg5 fxg5 26. Qxg5+ Qg7
27. Qd5 Rad8 28. d7 a3 29. bxa3 Bc3 30. Rac1 Rb8 31. Qxc4 Be5 32. Rce1 Rb2 33.
Qd5 Bc7 34. Re8 Qf6 35. Qc4 Qg6 36. Rg1 Bd8 37. Re3 Kg7 38. Qd4+ Bf6 39. Qd6
Rb6 40. Qc7 Bd8 41. Qe5+ Bf6 42. Qc7 Rb5 43. Rf1 Rb1 44. Qc4 Rfb8 45. Ref3
Rxf1+ 46. Rxf1 Rb1 47. h3 Qf5 48. Rxb1 Qxb1+ 49. Kh2 Be5+ 50. g3 Qb2+ 51. Kg1
Bd4+ 52. Kh1 Qb1+ 53. Kg2 Qg1+ 54. Kf3 Qe3+ 55. Kg4 Qe4+ 56. Kh5 Qg6+ 57. Kh4
Bf6# 0-1

[Event "42. Open Villa de Benasque 2023"]
[Site "Benasque ESP"]
[Date "2023.07.12"]
[Round "8.9"]
[White "Puranik, Abhimanyu"]
[Black "Movsziszian, Karen"]
[Result "1-0"]
[WhiteElo "2605"]
[BlackElo "2477"]
[PlyCount "75"]
[EventDate "2023.07.05"]
[EventType "swiss"]
[EventRounds "10"]
[EventCountry "ESP"]
[SourceTitle "AjedrezenMadrid"]
[Source "lmi"]
[SourceDate "2023.07.05"]
[SourceVersion "1"]
[SourceVersionDate "2023.07.12"]
[SourceQuality "1"]

1. e4 g6 2. d4 Bg7 3. Nc3 d6 4. Be3 a6 5. h4 h5 6. Nh3 Nf6 7. f3 Bxh3 8. Rxh3
Nbd7 9. Qe2 b5 10. O-O-O c6 11. e5 Nd5 12. Nxd5 cxd5 13. e6 fxe6 14. Bg5 Nf8
15. f4 Rc8 16. Re3 Qc7 17. g3 Kf7 18. Kb1 Bf6 19. Bh3 Qc4 20. Rdd3 b4 21. b3
Qc6 22. Rd1 Rc7 23. g4 hxg4 24. Bxg4 Rxh4 25. Bxh4 Bxh4 26. Rxe6 Bf6 27. Re3
Ke8 28. Qg2 Rb7 29. Bf3 Rb5 30. Be2 Ra5 31. Bd3 Kd8 32. Bxg6 Qb6 33. Bf5 Kc7
34. Qg8 Qb8 35. c3 bxc3 36. Rxc3+ Rc5 37. dxc5 Bxc3 38. cxd6+ 1-0